Surveyors' Institution programmes of country meetings (Record no. 99765)

MARC details
000 -LEADER
fixed length control field 00903cam a22001935a 4500
001 - CONTROL NUMBER
control field ##J100706
008 - FIXED-LENGTH DATA ELEMENTS--GENERAL INFORMATION
fixed length control field 000000s1909 000 0 eng u
035 ## - SYSTEM CONTROL NUMBER
System control number (Sirsi) u100706
041 0# - LANGUAGE CODE
Language code of text/sound track or separate title eng
050 04 - LIBRARY OF CONGRESS CALL NUMBER
Classification number 942.273 $2 22
110 2# - MAIN ENTRY--CORPORATE NAME
Corporate name or jurisdiction name as entry element Surveyors' Institution
9 (RLIN) 3783
245 00 - TITLE STATEMENT
Title Surveyors' Institution programmes of country meetings
Remainder of title 1904-1909
260 ## - PUBLICATION, DISTRIBUTION, ETC.
Place of publication, distribution, etc. London
Name of publisher, distributor, etc. Surveyors' Institution
Date of publication, distribution, etc. 1904-09
300 ## - PHYSICAL DESCRIPTION
Extent 1
Type of unit v
Other physical details ill
-- maps
Dimensions 22cm.
505 0# - FORMATTED CONTENTS NOTE
Formatted contents note Visit of the institution to Newcastle-on-Tyne, 26 and 27 May, 1904 - Visit of the institution to Exeter 25 and 26 May, 1905; Visit of the institution to Birmingham 24 and 25 May, 1906; Visit of the institution to Scotland, 23 and 24 May, 1907; Visit of the institution to Dover, 21 and 22 May, 1908; Visit of the institution to Cardiff, 20 and 21 May, 1909
651 #4 - SUBJECT ADDED ENTRY--GEOGRAPHIC NAME
Geographic name Great Britain
Chronological subdivision 1707-
690 ## - LOCAL SUBJECT ADDED ENTRY--TOPICAL TERM (OCLC, RLIN)
Topical term or geographic name as entry element RICS SERVICES-RICS EVENTS
942 ## - ADDED ENTRY ELEMENTS (KOHA)
Suppress in OPAC 0
Holdings
Withdrawn status Lost status Source of classification or shelving scheme Damaged status Not for loan Home library Current library Shelving location Date acquired Total Checkouts Full call number Barcode Date last seen Copy number Price effective from Koha item type
    Dewey Decimal Classification     Historic collection Historic collection RICS Boxes 21/10/1999   RICS 1909/9 30059608 06/08/2019 1 06/08/2019 Archive